| 000 | 00762nam a2200217Ia 4500 | ||
|---|---|---|---|
| 003 | GCL | ||
| 008 | 140319s9999 xx 000 0 ara d | ||
| 040 |
_aGCL / _cGCL |
||
| 082 | 0 | 4 |
_a027.424 _bس م |
| 100 | 1 | _aسعد محمد الهجرسى | |
| 245 | 1 | 0 |
_aالمراجع العامة دراسة نظرية نوعية عن القواميس اللغوية ودوائر المعارف / _cسعد محمد الهجرسى |
| 260 |
_a[S.N] : _bالبيت العربى للمعلومات ، _c1980 |
||
| 300 | _a70 ص | ||
| 490 | _a | ||
| 650 | 0 | 4 | _aدوائر المعارف |
| 650 | 0 | 4 | _aالمراجع |
| 650 | 0 | 4 | _aالمراجع المتخصصة |
| 650 | 0 | 4 | _aالارشاد المرجعى |
| 650 | 0 | 4 | _aالمراجع العربية |
| 942 |
_2ddc _cBK |
||
| 999 |
_c31866 _d31866 |
||